Pharmacokinetic principles of dosing adjustments : (Record no. 617)

MARC details
000 -LEADER
fixed length control field 01063cam a22002894a 4500
001 - CONTROL NUMBER
control field 12201517
003 - CONTROL NUMBER IDENTIFIER
control field OSt
005 - DATE AND TIME OF LATEST TRANSACTION
control field 20141028153740.0
008 - FIXED-LENGTH DATA ELEMENTS--GENERAL INFORMATION
fixed length control field 001013s2001 paua 001 0 eng
010 ## - LIBRARY OF CONGRESS CONTROL NUMBER
LC control number 00109966
020 ## - INTERNATIONAL STANDARD BOOK NUMBER
International Standard Book Number 1566768993
040 ## - CATALOGING SOURCE
Original cataloging agency DLC
Transcribing agency DLC
Modifying agency DLC
042 ## - AUTHENTICATION CODE
Authentication code pcc
050 00 - LIBRARY OF CONGRESS CALL NUMBER
Classification number RM301.5
Item number .S36 2001
082 00 - DEWEY DECIMAL CLASSIFICATION NUMBER
Classification number QV 38 S63p 2001
Edition number 21
100 1# - MAIN ENTRY--PERSONAL NAME
Personal name Schoenwald, Ronald D.
9 (RLIN) 1608
245 10 - TITLE STATEMENT
Title Pharmacokinetic principles of dosing adjustments :
Remainder of title understanding the basics /
Statement of responsibility, etc. Ronald D. Schoenwald.
260 ## - PUBLICATION, DISTRIBUTION, ETC. (IMPRINT)
Place of publication, distribution, etc. Lancaster, Pa. :
Name of publisher, distributor, etc. Technomic Pub.,
Date of publication, distribution, etc. c2001.
300 ## - PHYSICAL DESCRIPTION
Extent xii, 258 p. :
Other physical details ill. ;
Dimensions 23 cm.
500 ## - GENERAL NOTE
General note Includes index.
650 #0 - SUBJECT ADDED ENTRY--TOPICAL TERM
Topical term or geographic name as entry element Pharmacokinetics.
9 (RLIN) 1609
650 #0 - SUBJECT ADDED ENTRY--TOPICAL TERM
Topical term or geographic name as entry element Drugs
General subdivision Dosage.
9 (RLIN) 1610
856 42 - ELECTRONIC LOCATION AND ACCESS
Materials specified Publisher description
Uniform Resource Identifier http://www.loc.gov/catdir/enhancements/fy0646/00109966-d.html
906 ## - LOCAL DATA ELEMENT F, LDF (RLIN)
a 7
b cbc
c orignew
d 2
e epcn
f 20
g y-gencatlg
942 ## - ADDED ENTRY ELEMENTS (KOHA)
Source of classification or shelving scheme Other/Generic Classification Scheme
Koha item type Short Loan
Holdings
Withdrawn status Lost status Source of classification or shelving scheme Damaged status Not for loan Home library Current library Date acquired Source of acquisition Inventory number Total Checkouts Full call number Barcode Date last seen Price effective from Koha item type
    Other/Generic Classification Scheme     MUST Main Library MUST Main Library 28/10/2014   2005/24084   QV 38 S63p 2001 2014-3169 28/10/2014 28/10/2014 Short Loan